VEK SNENIA : ODHODLANIE TVORIŤ

Bibliographic Details
Main Author: Pataki, Gábor (Author)
Format: Article
Language:Slovak

MARC

LEADER 00000nab a2200000 a 4500
001 vtls011105193
003 SK-MaSNL
005 20260303143045.0
008 230222|1993 xo |||||||||||||||||slo|
015 |a SNBRB 
035 |a (uuid)391fc645-15fe-4441-967f-4953d2e41753 
035 |a (urnnbn)urn:nbn:sk:snk:ar-a087tl 
035 |a urn:nbn:sk:snk-ab9bh4 
040 |a SNKBUCL  |b slo  |c SNKBUCL  |e AACR2 
041 0 |a slo 
044 |a xo  |c SK 
100 1 |a Pataki, Gábor  |4 aut  |9 1163617 
245 1 0 |a VEK SNENIA :  |b ODHODLANIE TVORIŤ  |c Gábor Pataki 
773 0 |t Profil súčasného výtvarného umenia  |g Roč. 3, č. 12 (1993), s. 7 
954 |a odborná, vedecká literatúra pôvodná (slovenská)  |2 lita 
958 |a OND 
958 |a EUIPO 
958 |a article13 
999 |c 1987721  |d 1989651